Zamestnávanie študentov a daň z príjmov v roku 2014

Študenti a zdaňovanie príjmov z pracovno-právnych vzťahov. Výpočet čistej mzdy študenta VŠ - zamestnanca v pracovnom pomere a pracujúceho na dohodu.

Salvato in:
Dettagli Bibliografici
Autore principale: Rabatinová, Marcela, 1977-
Natura: Capitolo di libro
Lingua:slovacco
Soggetti:
Tags: Aggiungi Tag
Nessun Tag, puoi essere il primo ad aggiungerne!!

MARC

LEADER 00000nla a2200000 4500
001 0189002
005 20240502073210.1
041 0 |a slo 
044 |a SK 
245 1 0 |a Zamestnávanie študentov a daň z príjmov v roku 2014  |c Marcela Rabatinová 
520 |a Študenti a zdaňovanie príjmov z pracovno-právnych vzťahov. Výpočet čistej mzdy študenta VŠ - zamestnanca v pracovnom pomere a pracujúceho na dohodu. 
610 2 0 |a študenti 
610 2 0 |a príjmy 
610 2 0 |a zdaňovanie 
610 2 0 |a vzťahy pracovnoprávne 
100 1 |a Rabatinová, Marcela, 1977-